00328 2200145 4500245004300000250001100043100002100054650001600075650001700091005001900108260001800127041001400145084001400159336000900173 aMembuang WaktucNoval ArdiansyahhText aCet. 1 aNoval Ardiansyah aKarya Siswa aAutobiografi a20250520141650 aJakartac2025 aIndonesia a081 NOV m atext